| 000 -LEADER |
| fixed length control field |
01950cam a2200313 a 4500 |
| 001 - CONTROL NUMBER |
| control field |
.b14651555 |
| 003 - CONTROL NUMBER IDENTIFIER |
| control field |
OSt |
| 005 - DATE AND TIME OF LATEST TRANSACTION |
| control field |
20210531115036.0 |
| 008 - FIXED-LENGTH DATA ELEMENTS--GENERAL INFORMATION |
| fixed length control field |
200326s2019 wau 000 1 eng d |
| 020 ## - INTERNATIONAL STANDARD BOOK NUMBER |
| International Standard Book Number |
9781503904910 |
| 035 ## - SYSTEM CONTROL NUMBER |
| System control number |
(OCoLC)on1061820200 |
| 040 ## - CATALOGING SOURCE |
| Original cataloging agency |
YDX |
| Language of cataloging |
eng |
| Transcribing agency |
YDX |
| Description conventions |
rda |
| Modifying agency |
BDX |
| -- |
OCLCQ |
| -- |
UKMGB |
| -- |
OCLCO |
| -- |
OCLCF |
| -- |
OR6 |
| -- |
IHI |
| -- |
LNC |
| -- |
IHX |
| -- |
TNH |
| -- |
UAP |
| -- |
GZW |
| -- |
OCLCO |
| -- |
CNCAR |
| -- |
WSD |
| -- |
ILC |
| -- |
OCLCO |
| -- |
B@L |
| -- |
NZHWP |
| -- |
OCLCO |
| -- |
NZLPP |
| -- |
OCLCO |
| -- |
PUL |
| -- |
UPM |
| -- |
K#T |
| -- |
OCLCO |
| -- |
ZQP |
| -- |
OCLCO |
| -- |
WYBPB |
| -- |
OCLCO |
| -- |
UPM |
| -- |
OCLCO |
| -- |
JZ7 |
| -- |
HZR |
| -- |
BAZ |
| -- |
SOM |
| -- |
LKC |
| -- |
BYV |
| -- |
KYC |
| -- |
OCL |
| -- |
OCLCQ |
| -- |
OCLCO |
| -- |
SSH |
| -- |
OCLCO |
| -- |
DLC |
| -- |
CC4KG |
| -- |
KH8 |
| 042 ## - AUTHENTICATION CODE |
| Authentication code |
nbic |
| 082 ## - DEWEY DECIMAL CLASSIFICATION NUMBER |
| Classification number |
FIC VAN |
| 100 1# - MAIN ENTRY--PERSONAL NAME |
| Personal name |
Vanderah, Glendy. |
| Relator term |
author |
| 245 10 - TITLE STATEMENT |
| Title |
Where the forest meets the stars / |
| Statement of responsibility, etc. |
Glendy Vanderah. |
| 250 ## - EDITION STATEMENT |
| Edition statement |
1st ed. |
| 260 ## - PUBLICATION, DISTRIBUTION, ETC. |
| Place of publication, distribution, etc. |
Seattle : |
| Name of publisher, distributor, etc. |
Lake Union Publishing, |
| Date of publication, distribution, etc. |
c2019. |
| 300 ## - PHYSICAL DESCRIPTION |
| Extent |
321 p. ; |
| Dimensions |
22 cm. |
| 520 ## - SUMMARY, ETC. |
| Summary, etc. |
A mysterious child teaches two strangers how to love and trust again. After the loss of her mother and her own battle with breast cancer, Joanna Teale returns to her graduate research on nesting birds in rural Illinois, determined to prove that her recent hardships have not broken her. When a mysterious child who shows up at her cabin, barefoot and covered in bruises, Joanna enlists the help of her reclusive neighbor, Gabriel Nash, to solve the mystery of the charming child. But the more time they spend together, the more questions they have. How does a young girl not only read but understand Shakespeare? Why do good things keep happening in her presence? And why aren't Jo and Gabe checking the missing children's website anymore? Though the three have formed an incredible bond, they know difficult choices must be made. |
| 650 #0 - SUBJECT ADDED ENTRY--TOPICAL TERM |
| Topical term or geographic name entry element |
Gifted children |
| Form subdivision |
Fiction. |
| 650 #0 - SUBJECT ADDED ENTRY--TOPICAL TERM |
| Topical term or geographic name entry element |
Ornithologists |
| Form subdivision |
Fiction. |
| 650 #0 - SUBJECT ADDED ENTRY--TOPICAL TERM |
| Topical term or geographic name entry element |
Families |
| Form subdivision |
Fiction. |
| 650 #0 - SUBJECT ADDED ENTRY--TOPICAL TERM |
| Topical term or geographic name entry element |
Forgiveness |
| Form subdivision |
Fiction. |
| 650 #0 - SUBJECT ADDED ENTRY--TOPICAL TERM |
| Topical term or geographic name entry element |
Trust |
| Form subdivision |
Fiction. |
| 651 #0 - SUBJECT ADDED ENTRY--GEOGRAPHIC NAME |
| Geographic name |
Illinois |
| Form subdivision |
Fiction. |
| 655 #0 - INDEX TERM--GENRE/FORM |
| Genre/form data or focus term |
Domestic fiction. |
| 942 ## - ADDED ENTRY ELEMENTS (KOHA) |
| Source of classification or shelving scheme |
|
| Koha item type |
Books - Fiction |